| 000 | 00995nam a22001817a 4500 | ||
|---|---|---|---|
| 008 | 230124s2023 xxk|||||o||||f00| 0 eng d | ||
| 110 |
_91239 _aHome Office |
||
| 245 |
_aFire Safety (England) Regulations 2022: fire door guidance _c[Electronic resource] |
||
| 260 |
_aEngland, _bHome Office, _c19 February 2023 |
||
| 520 | _aHome Office guidance, based on the assumption that a fire risk assessment has already assessed the suitability of the fire doors, advises responsible persons carrying out simple checks upon a fire door on how to conduct routine checks and provide information to residents. | ||
| 650 | _aCladding | ||
| 650 | _aFire Safety | ||
| 690 |
_96244 _aHealth and safety |
||
| 690 |
_96224 _aBuilding regulations |
||
| 690 |
_96266 _aResidential property |
||
| 710 |
_91239 _aHome Office |
||
| 856 |
_uhttps://www.gov.uk/government/publications/fire-safety-england-regulations-2022-fire-door-guidance/fire-safety-england-regulations-2022-fire-door-guidance _zAvailable on .gov.uk |
||
| 999 |
_c121325 _d121325 |
||